Personnages au cheveux verts manga / animé - Statistiques

Statistiques générales
  • Ce quiz a été pris 145 fois
  • Le résultat moyen est 6 sur 15
Answers on the Grid
Answers color-coded by a green-red scale on the quiz's grid according to % correct below.
Maki Zenin
C.C. (code geass)
Cell
Neferupito
Fubuki (One punch Man)
Gintoki Sakata
Zoro Roronoha
Hisoka Morrow
Shintaro Midorima
Denji (Chainsaw man)
Watari (Death Note)
Zetsu
Bellamy (One piece)
Tamayo (Demon Slayer)
Yushiro (Demon Slayer)
David (CyberPunk Edgerunners)
Kisuke Urahara
Monet (One piece)
Izuku Midorya
Gon Freeks
Hidan (Naruto)
Fried Justin (Fairy Tail)
Boros (One Punch Man)
Yuta Okkotsu (JJK)
Tatsumaki (One punch Man)
Zeldris
Yusuke Urameshi
Broly Berserker
Roy Mustang
Lambo (Reborn)
Mémé Turbo
Jolyne Cujoh (JJBA)
 
Statistiques - réponses
Réponse % Correct
Maki Zenin
70%
Zoro Roronoha
70%
Izuku Midorya
54%
Gon Freeks
49%
Fubuki (One punch Man)
43%
C.C. (code geass)
40%
Tatsumaki (One punch Man)
39%
Shintaro Midorima
35%
Broly Berserker
31%
Monet (One piece)
31%
Zetsu
30%
Fried Justin (Fairy Tail)
23%
Jolyne Cujoh (JJBA)
19%
Yushiro (Demon Slayer)
19%
Yusuke Urameshi
11%
Aucun quiz correspondant
Distribution des résultats
% des personnes avec chaque résultat
Percentile par nombre de réponses
Votre historique - résultats
Vous n’avez pas pris ce quiz